000 00773nam a22001337a 4500
040 _cRUA
082 _aVEM LON 2024 B1.330 Or.1
100 _aLONG PHEAROM, ឡុង ភារម្យ
245 _aCase of Escherichia Coli-Resistance on commercial broiler chicken farm,pek sneng commune, Angkor Thom District, Siem Reap province,ករណី Escherichia Coli ស៊ាំនឹងឳសថអង់ទីប៊ីយ៉ូទិក លើមាន់នៅកសិដ្ឋាន ឃុំពាក់ស្នែង ស្រុកអង្គរធំ ខេត្តសៀមរាប
260 _aPHNOM PENH
_bRUA
_c2024
300 _aix,
_bill,
_c29cm,
856 _uhttps://drive.google.com/file/d/1KBSDVCF2fU-_UZBsLJ_gKFRZX4TgLU9G/view?usp=sharing
942 _cVEM
999 _c24764
_d24764